| 000 | 00765nam a22001577a 4500 | ||
|---|---|---|---|
| 003 | OSt | ||
| 005 | 20150918150209.0 | ||
| 008 | 150918b xxu||||| |||| 00| 0 eng d | ||
| 040 | _cRUA | ||
| 082 | _aAGR MAO 2006 Or.1 | ||
| 100 |
_9771 _aMAO, CHANTHA. |
||
| 245 | _aEffect of potassium nitrate dosage in solution knop tomato TMK2 in green-house ឥទ្ធិពលកំហាប់ប៉ូតាស្យូមនីត្រាត ក្នុងសូលុយស្យុងក្នូប លើការលូតលាស់ដំណាំប៉េងប៉ោះ តេ អឹម កា ដឺ ក្នុងលក្ខខណៈផ្ទះប្លាស្ទិច | ||
| 260 |
_aPhnom Penh _bRUA _c2006 |
||
| 300 |
_a66p. _bill. _c29cm. |
||
| 942 |
_2ddc _cAGR |
||
| 999 |
_c738 _d738 |
||